| 000 | 00455nam a2200157 i 4500 | ||
|---|---|---|---|
| 001 | 44083 | ||
| 003 | ES-MaACL | ||
| 005 | 20230906160942.0 | ||
| 007 | t| | ||
| 008 | 030320s1972 sp ||||1| spa d | ||
| 100 | 1 |
_aCéspedes, Juan. _937688 |
|
| 245 | 1 | 0 |
_aNatación escolar _b: primaria / _cpor Juan Céspedes. |
| 260 |
_a[Esplugas de Llobregat : _bs.n., _c1972] ( _fAriel) |
||
| 300 |
_a125 p. : _bil. ; _c16 cm. |
||
| 852 |
_aES-MaACL _jC-53618 _bR.84277 |
||
| 999 |
_c44083 _d44083 |
||